[Event "European Blitz-ch 2018"]
[Site "Skopje"]
[Date "2018.12.07"]
[Round "12"]
[White "Rusev, Krasimir"]
[Black "Mamedov, Rauf"]
[Result "0-1"]
[WhiteElo "2520"]
[BlackElo "2703"]
[Annotator "TA"]
[PlyCount "96"]
[EventDate "2018.12.06"]
[EventType "swiss"]
[EventCountry "MKD"]

{[%evp 30,96,0,0,17,-16,-20,-18,0,0,0,0,0,0,0,0,0,0,0,0,0,-7,-5,-83,-67,-72,-62,-73,-64,-65,-55,-75,-12,-22,-20,-14,-18,-23,-29,-30,-13,-67,-35,-106,-104,-114,-114,-90,-43,-85,-77,-66,-6,-133,-133,-133,-133,-133,-133,-133,-133,-133,-133,-133,-133,-133,-144,-29985,-29986]} 1. d4 d5 2. c4 e6 3. Nf3 c5 4. cxd5 exd5 5. Nc3 Nc6 6. g3 Nf6 7. Bg2 Be7 8. O-O O-O 9. b3 Ne4 10. Bb2 Bf6 11. Na4 b6 12. Rc1 Ba6 13. dxc5 Bxb2 {D34: Tarrasch Defence: 6 g3 Nf6 7 Bg2 Be7} 14. Nxb2 bxc5 15. Nd2 Nd4 16. Re1 {[#] LiveBook: 4 Games} Qf6 $146 ({Predecessor:} 16... Nxf2 17. Kxf2 Qf6+ 18. Nf3 Nxf3 19. Bxf3 Qxb2 20. Qxd5 Rab8 21. Qxc5 {½-½ (30) Ermenkov,E (2462)-Rogers,I (2547) Reykjavik 2006}) 17. Bxe4 dxe4 18. Nxe4 Qe5 19. f3 Rad8 {aiming for ...Nxf3+!} 20. Nd3 {[%mdl 64] Double Attack} Nxf3+ $1 21. exf3 Rxd3 22. Qe2 Qd4+ 23. Qf2 Rxf3 $1 24. Qxd4 cxd4 25. Nc5 Bc8 26. Rcd1 (26. Re4 $11) 26... Rc3 27. b4 Rc2 28. a3 Bh3 29. Rxd4 h5 30. Red1 Re8 (30... Rg2+ $17 31. Kh1 Ra2) 31. R4d2 $11 Re2 32. Rxc2 Rxc2 {[%mdl 4096] Endgame KRB-KRN} 33. a4 Rg2+ 34. Kh1 Rb2 35. b5 (35. Nd3 $11 Ra2 36. a5) 35... g5 36. Rc1 {[#]} (36. Ra1 $1 $15) 36... Kg7 $1 $17 37. Nd3 {[#]} Ra2 $1 38. Nc5 Bg2+ 39. Kg1 Bf3 40. h4 g4 (40... Rg2+ $15 41. Kf1 Rxg3 42. hxg5 h4) 41. Rb1 (41. Nd3 $11 {remains equal.}) 41... Rg2+ 42. Kf1 Rxg3 43. a5 Rh3 {( -> ...g3)} 44. Kf2 Bd5 {White must now prevent ...Rc3.} 45. b6 {White wants to play b7.} g3+ {[%cal Bg4g3,Bg3g2][%mdl 32]} 46. Ke3 axb6 47. axb6 {intending b7.} g2+ ({But not} 47... Rxh4 $6 48. b7 $11) 48. Kd4 $2 {[%mdl 8192]} (48. Kf2 $17 Rh1 49. Rg1 Rxh4 50. b7 Rf4+ 51. Kg3) 48... Rh1 {Accuracy: White = 43%, Black = 67%.} 0-1

[Event "European Blitz-ch 2018"]
[Site "Skopje"]
[Date "2018.12.07"]
[Round "12"]
[White "Nenezic, Marko"]
[Black "Tejedor Fuente, Enrique"]
[Result "1-0"]
[WhiteElo "2515"]
[BlackElo "2428"]
[PlyCount "74"]
[EventDate "2018.12.06"]
[EventType "swiss"]
[EventCountry "MKD"]
[TimeControl "180+2"]

1. Nf3 {[%emt 0:00:00]} Nc6 {[%emt 0:00:00]} 2. d4 {[%emt 0:00:01]} d6 {[%emt 0:00:00]} 3. c4 {[%emt 0:00:03]} g6 {[%emt 0:00:01]} 4. Nc3 {[%emt 0:00:01]} Bg7 {[%emt 0:00:01]} 5. e3 {[%emt 0:03:05]} e5 6. Be2 {[%emt 0:00:00]} Nge7 {[%emt 0:00:02]} 7. O-O {[%emt 0:00:00]} O-O {[%emt 0:00:02]} 8. d5 {[%emt 0:00:00]} Nb8 {[%emt 0:00:01]} 9. e4 {[%emt 0:00:00]} Nd7 {[%emt 0:00:02]} 10. Rb1 {[%emt 0:00:00]} h6 {[%emt 0:00:03]} 11. b4 {[%emt 0:00:00]} a5 {[%emt 0:00:00]} 12. a3 {[%emt 0:00:00]} f5 {[%emt 0:00:01]} 13. Nd2 {[%emt 0:00:00]} Nf6 {[%emt 0:00:07]} 14. f3 {[%emt 0:00:00]} f4 {[%emt 0:00:01]} 15. c5 {[%emt 0:00:00]} Kh8 {[%emt 0:00:09]} 16. Nc4 {[%emt 0:00:00]} axb4 {[%emt 0:00:05]} 17. axb4 {[%emt 0:00:00]} g5 {[%emt 0:00:06]} 18. Ba3 {[%emt 0:00:00]} Ne8 {[%emt 0:00:06]} 19. b5 {[%emt 0:00:00]} Rxa3 {[%emt 0:00:56]} 20. Nxa3 {[%emt 0:00:00]} dxc5 {[%emt 0:00:01]} 21. Nc4 {[%emt 0:00:00]} b6 {[%emt 0:01:58]} 22. Ra1 {[%emt 0:00:00]} h5 {[%emt 0:00:00]} 23. Ra8 {[%emt 0:00:00]} Qd7 {[%emt 0:00:00]} 24. Ra7 {[%emt 0:00:00]} Nd6 {[%emt 0:00:00]} 25. Nxb6 {[%emt 0:00:00]} Qd8 {[%emt 0:00:00]} 26. Nba4 {[%emt 0:00:00]} Bh6 {[%emt 0:00:00]} 27. Kh1 {[%emt 0:00:00]} Rg8 {[%emt 0:00:00]} 28. Nxc5 {[%emt 0:00:00]} g4 {[%emt 0:00:00]} 29. Ne6 {[%emt 0:00:00]} Bxe6 {[%emt 0:00:00]} 30. dxe6 {[%emt 0:00:00]} Ng6 {[%emt 0:00:00]} 31. b6 {[%emt 0:00:00]} gxf3 {[%emt 0:00:05]} 32. Bxf3 {[%emt 0:00:00]} Nh4 {[%emt 0:00:09]} 33. bxc7 {[%emt 0:00:00]} Qg5 {[%emt 0:00:01]} 34. Qe2 {[%emt 0:00:00]} Rc8 {[%emt 0:00:07]} 35. Nd5 {[%emt 0:00:00]} Bf8 {[%emt 0:00:03]} 36. Bxh5 {[%emt 0:00:00]} Qg7 {[%emt 0:00:02]} 37. e7 {[%emt 0:00:00]} Bxe7 {[%emt 0:00:01]} 1-0

[Event "European Blitz-ch 2018"]
[Site "Skopje"]
[Date "2018.12.07"]
[Round "12"]
[White "Ruck, Robert"]
[Black "Zlatanovic, Boroljub"]
[Result "0-1"]
[WhiteElo "2512"]
[BlackElo "2376"]
[Annotator "TA"]
[PlyCount "102"]
[EventDate "2018.12.06"]
[EventType "swiss"]
[EventCountry "MKD"]

{[%evp 13,102,35,20,0,0,0,0,-11,-1,-9,27,20,22,22,22,18,25,22,16,13,33,8,23,18,20,10,12,8,42,48,94,101,101,102,90,86,89,84,85,86,142,144,155,131,145,132,133,118,112,0,132,132,126,129,136,122,127,115,122,128,135,116,172,70,45,43,164,168,486,480,497,510,445,-357,-349,-437,-433,-394,-387,-489,-486,-510,-510,-510,-510,-505,-501,-472,-471,-543,-541]} 1. Nf3 g6 2. e4 Bg7 3. d4 d6 4. Bc4 c6 5. Bb3 Nf6 6. Nbd2 O-O 7. O-O Nbd7 {LiveBook: 7 Games. B07: Pirc Defence: Miscellaneous Systems} 8. e5 (8. Re1 Nh5 9. c3 Nb6 10. a4 a5 11. Nf1 Qc7 12. Be3 Nf6 13. Ng3 Ng4 14. Bd2 Nf6 15. Be3 {½-½ (42) Ragger,M (2666)-Rakhmanov,A (2616) Legnica 2013}) 8... Nd5 $146 {[%cal Rd6e5]} ({Predecessor:} 8... dxe5 9. Nxe5 Nxe5 10. dxe5 Nd5 11. Re1 a5 12. a4 Bf5 13. Nc4 Qc7 14. Qe2 Rfd8 15. h3 {½-½ (41) Damjanovic,M-Uhlmann,W Sarajevo 1964}) 9. Re1 dxe5 {The position is equal.} 10. dxe5 Nc5 11. Bc4 Bg4 12. h3 Bxf3 13. Nxf3 Nb6 {[#] And now ...Qxd1 would win.} 14. Bf1 Qxd1 15. Rxd1 Rfd8 16. Re1 Ne6 17. c3 Rd7 18. g3 Rad8 19. h4 Nc5 20. Nd4 h6 21. e6 Nxe6 22. Nxe6 fxe6 23. Bh3 $36 {[%mdl 2048] White is on the roll.} Rd1 24. Bxe6+ Kf8 25. Be3 Rxa1 26. Rxa1 Rd6 ({Black should play} 26... Na4) 27. Bb3 $16 h5 28. Re1 Bf6 29. Kg2 Nc8 30. Bf4 Rd8 31. Be3 (31. Bh6+ $16 Ke8 32. Bc1) 31... a6 (31... Rd6 $1 $11 {remains equal.}) 32. Be6 Nd6 33. Bb6 Re8 34. Kh3 Nc8 35. Bc7 Nd6 36. f3 Nf5 37. Rd1 Ng7 (37... Ne3 $16 {keeps fighting.} 38. Rd7 Nd5) 38. Bd7 (38. Bb3 $18) 38... Ra8 $14 39. g4 {Strongly threatening g5.} g5 ({Better is} 39... e6 $14) 40. gxh5 $18 {Rg1 is the strong threat.} Nxh5 $2 (40... Kf7 {is more resistant.}) 41. Kg4 Nf4 42. hxg5 Nd5 43. Bg3 $4 {[%mdl 8192]} (43. Rxd5 $18 cxd5 44. gxf6) 43... Ne3+ $19 {[%mdl 64] [#] Double Attack} 44. Kh5 Nxd1 45. gxf6 exf6 {[%mdl 4096] Endgame KRN-KB} 46. Bf5 Kf7 {Black is clearly winning.} 47. Bf4 Rh8+ 48. Kg4 Rg8+ 49. Kh3 Nxb2 50. Bc2 {White hopes to continue with Bb3+.} Nc4 51. Bb3 b5 {Accuracy: White = 52%, Black = 49%.} 0-1

[Event "European Blitz-ch 2018"]
[Site "Skopje"]
[Date "2018.12.07"]
[Round "12"]
[White "Ivic, Velimir"]
[Black "Potapov, Pavel"]
[Result "1-0"]
[WhiteElo "2497"]
[BlackElo "2516"]
[Annotator "TA"]
[PlyCount "107"]
[EventDate "2018.12.06"]
[EventType "swiss"]
[EventCountry "MKD"]

{[%evp 26,107,34,21,30,16,10,-21,-12,-1,0,0,4,0,4,0,12,11,72,16,29,-304,25,14,28,23,18,4,11,14,19,30,135,115,100,93,380,300,677,264,309,319,420,253,260,241,241,240,320,224,230,140,215,0,238,189,337,328,313,243,260,262,467,443,454,453,418,395,1829,622,592,576,29987,29985,29993,29973,29997,29977,29997,783,896,855,6279,6163]} 1. e4 c5 2. Nf3 Nc6 3. d4 cxd4 4. Nxd4 e5 5. Nb5 d6 6. c4 Be7 7. N1c3 a6 8. Na3 f5 9. exf5 Bxf5 10. Bd3 Be6 11. O-O Nf6 12. Nc2 {B32: Sicilian: Löwenthal and Kalashnikov Variations} O-O (12... Qd7 13. Bg5 O-O 14. b3 Bd8 15. Rb1 Bb6 16. Be3 Bc7 17. Qd2 h6 18. f3 Rad8 19. Be4 Ba5 {½-½ (52) Andreikin,D (2736)-Roganovic,M (2478) Novi Sad 2016}) 13. b3 Qd7 14. Ba3 {LiveBook: 3 Games. White is slightly better.} Kh8 15. Qd2 $146 ({Predecessor:} 15. Ne4 Rac8 16. Qe2 Ng4 17. Rad1 Rf4 18. Bc1 Rff8 19. Bb2 {½-½ (68) Nestorovic,N (2464)-Pavlovic,D (2430) Kraljevo 2011}) 15... Rad8 16. Rae1 d5 17. Bxe7 Qxe7 18. cxd5 Nxd5 19. Nxd5 Bxd5 20. Qe3 Qh4 21. Rd1 Nd4 (21... Rf6 $11 {keeps the balance.}) 22. Qg3 (22. Qxe5 $16 Ne6 23. g3) 22... Qf6 23. Ne3 $2 {[%mdl 8192] [#]} (23. Nxd4 $11 {and White is okay.} exd4 24. Rc1) 23... Be6 $2 (23... e4 $19 24. Nxd5 Rxd5) 24. Rfe1 Qf4 25. Nc4 $40 {[%mdl 128] White attacks.} Bxc4 26. Bxc4 b5 27. Bf1 h6 28. Rd3 Nc2 (28... Qxg3 $11 {remains equal.} 29. hxg3 Rd5) 29. Rxd8 Rxd8 30. Rxe5 Qc1 $2 {[%mdl 8192]} (30... Qxg3 $16 31. fxg3 (31. hxg3 Rd1 $16) 31... Nd4) 31. Re7 {[%csl Ge7][%cal Rg3g7] [#]} Qa1 $2 (31... Qg5 32. Qc7 Rg8) 32. Qf3 $2 (32. Qc7 Qd4 33. Qxc2) 32... Nd4 33. Qe4 Rf8 34. Re8 Rxe8 35. Qxe8+ Kh7 36. Qe4+ Kh8 37. h4 {[%cal Bh2h4,Bh4h5][%mdl 32]} Qd1 38. Qe8+ Kh7 39. Qe4+ Kh8 40. Qd3 Qa1 (40... Qxd3 {is a better defense.} 41. Bxd3 Kg8) 41. h5 $18 Kg8 42. Qe4 Kf7 43. g3 Ne6 $2 (43... Qd1 44. Qd5+ Ke7) 44. Qb7+ Kf6 45. Qxa6 b4 46. Kg2 Ke5 $2 (46... Qe5 47. Be2 Qd5+ 48. Bf3 Qc5) 47. Qb5+ (47. Bc4 $142 Nf4+ 48. gxf4+ Kxf4 49. Qd6+ Qe5 50. Qd2+ Kg4 51. Be2+ Kf5 52. Bf3) 47... Kf6 48. Bc4 Ng5 49. Qb6+ Kf5 50. Qc5+ Kf6 51. Qxb4 Qe5 52. Qb6+ (52. Qf8+ $142 Nf7 53. Qxf7+ Kg5 54. Qg6#) 52... Ke7 53. Qe3 Ne4 54. Bd3 {Accuracy: White = 56%, Black = 28%.} 1-0

[Event "European Blitz-ch 2018"]
[Site "Skopje"]
[Date "2018.12.07"]
[Round "12"]
[White "Pancevski, Filip"]
[Black "Petkidis, Anthony"]
[Result "0-1"]
[WhiteElo "2495"]
[BlackElo "2375"]
[PlyCount "58"]
[EventDate "2018.12.06"]
[EventType "swiss"]
[EventCountry "MKD"]
[TimeControl "180+2"]

1. c4 {[%emt 0:00:00]} c5 {[%emt 0:00:02]} 2. g3 {[%emt 0:00:01]} Nf6 {[%emt 0:00:02]} 3. Bg2 {[%emt 0:00:00]} Nc6 {[%emt 0:00:03]} 4. Nc3 {[%emt 0:00:02]} g6 {[%emt 0:00:02]} 5. a3 {[%emt 0:00:01]} Bg7 {[%emt 0:00:04]} 6. Rb1 {[%emt 0:00:01]} a5 {[%emt 0:00:07]} 7. Nf3 {[%emt 0:00:02]} d6 {[%emt 0:00:01]} 8. O-O {[%emt 0:00:06]} O-O {[%emt 0:00:02]} 9. Ne1 {[%emt 0:00:02]} Rb8 {[%emt 0:00:13]} 10. Nc2 {[%emt 0:00:03]} Nd4 {[%emt 0:00:05]} 11. b4 {[%emt 0:00:10]} axb4 {[%emt 0:00:09]} 12. axb4 {[%emt 0:00:02]} b6 {[%emt 0:00:17]} 13. Nxd4 {[%emt 0:00:10]} cxd4 {[%emt 0:00:01]} 14. Nb5 {[%emt 0:00:06]} e5 {[%emt 0:00:03]} 15. d3 {[%emt 0:00:19]} d5 {[%emt 0:00:12]} 16. Bg5 {[%emt 0:00:37]} dxc4 {[%emt 0:00:05]} 17. dxc4 {[%emt 0:00:03]} h6 {[%emt 0:00:07]} 18. Bxf6 {[%emt 0:00:02]} Qxf6 {[%emt 0:00:06]} 19. Bd5 {[%emt 0:00:38]} Bd7 {[%emt 0:00:05]} 20. e4 {[%emt 0:00:31]} dxe3 {[%emt 0:00:14]} 21. fxe3 {[%emt 0:00:01]} Qe7 {[%emt 0:00:02]} 22. e4 {[%emt 0:00:15]} Kh7 {[%emt 0:00:04]} 23. Nc3 {[%emt 0:00:07]} f5 {[%emt 0:00:05]} 24. Qd3 {[%emt 0:00:03]} f4 {[%emt 0:00:02]} 25. Ra1 {[%emt 0:00:12]} Qxb4 {[%emt 0:00:04]} 26. Ra7 {[%emt 0:00:03]} Bh3 {[%emt 0:00:12]} 27. Rfa1 {[%emt 0:00:10]} Qc5+ {[%emt 0:00:02]} 28. Kh1 {[%emt 0:00:01]} Qf2 {[%emt 0:00:04]} 29. Rg1 {[%emt 0:00:01]} f3 {[%emt 0:00:13]} 0-1

[Event "European Blitz-ch 2018"]
[Site "Skopje"]
[Date "2018.12.07"]
[Round "12"]
[White "Milanovic, Danilo"]
[Black "Zavgorodniy, Sergiy"]
[Result "1-0"]
[WhiteElo "2494"]
[BlackElo "2420"]
[Annotator "TA"]
[PlyCount "58"]
[EventDate "2018.12.06"]
[EventType "swiss"]
[EventCountry "MKD"]

{[%evp 21,58,18,22,-21,-12,0,1,0,0,0,0,0,20,15,30,17,18,0,4,0,6,0,11,0,0,-16,-14,-60,-57,-78,-76,-70,0,0,0,-7,0,-25,0]} 1. d4 Nf6 2. c4 d6 3. Nc3 Nbd7 4. e4 e5 5. Nf3 c6 6. Be2 Be7 7. O-O O-O 8. Qc2 Qc7 9. Rd1 Re8 10. Bg5 h6 {A55: Old Indian Defence with Nf3 and e4} 11. Bh4 Nf8 {LiveBook: 4 Games} (11... Nh7 12. Bxe7 Rxe7 13. c5 dxc5 14. d5 Re8 15. dxc6 bxc6 16. Na4 Nhf6 17. Nd2 Nf8 18. Nxc5 {½-½ (46) Vorobiov,E (2621)-Sanduleac,V (2466) Cappelle-la-Grande 2010}) 12. c5 exd4 {The position is equal.} 13. cxd6 Bxd6 14. Rxd4 $146 ({Predecessor:} 14. Bxf6 dxc3 15. Bxc3 Ng6 16. h3 Be6 17. Bf1 c5 18. Re1 {1-0 (47) Favarel,J (2288)-Petrossian,A (2411) France 2008}) 14... Ng4 {[%cal Rd6h2]} 15. Bg3 Bxg3 16. hxg3 ({Not} 16. fxg3 $2 Ne6 $19) 16... Be6 17. Rad1 Qa5 18. Nh2 Nxh2 19. Kxh2 Rad8 20. Qd2 {[%cal Rd4d8]} Rd7 21. Rxd7 Nxd7 22. f4 {[#] Black must now prevent f5.} Nf6 23. a3 Ng4+ 24. Bxg4 Bxg4 25. Re1 Rd8 26. Qf2 a6 (26... Qb6 $15 27. Rf1 f6) 27. e5 $11 Bf5 28. Qf3 Qb6 29. g4 Bc8 {[%mdl 32768] Accuracy: White = 30%, Black = 61%. . Loss on time!?} 1-0

[Event "European Blitz-ch 2018"]
[Site "Skopje"]
[Date "2018.12.07"]
[Round "12"]
[White "Loginov, Valery A"]
[Black "Zajic, Milan"]
[Result "0-1"]
[WhiteElo "2478"]
[BlackElo "2488"]
[Annotator "TA"]
[PlyCount "112"]
[EventDate "2018.12.06"]
[EventType "swiss"]
[EventCountry "MKD"]

{[%evp 30,112,0,0,0,0,0,0,7,0,20,-289,-306,-487,-487,-487,-487,-487,-487,-862,-481,-528,-541,-501,-545,-569,-555,-904,-875,-823,-495,-597,-507,-512,-520,-519,-516,-564,-538,-554,-534,-527,-492,-514,-495,-443,-383,-432,-428,-535,-497,-547,-325,-1114,-1091,-1055,-1047,-1316,-1119,-29975,-29976,-29976,-29977,-29977,-29978,-29978,0,-29979,-29980,-29979,-29980,-29978,-29979,-29982,-29982,-29985,-29986,-29986,-29985,-29988,-29987,-29992,-29993,-29993,-29994]} 1. Nf3 Nf6 2. g3 d5 3. Bg2 e6 4. O-O Be7 5. d3 O-O 6. Nbd2 c5 7. e4 Nc6 8. e5 Nd7 9. Re1 b5 10. Nf1 b4 11. h4 a5 12. N1h2 a4 13. a3 bxa3 {C00: French: Unusual White 2nd moves} (13... Bb7 14. Bf4 Re8 15. c3 bxc3 16. bxc3 Ra6 17. h5 Qa8 18. h6 g6 19. d4 Rb6 20. Ng4 Rb3 21. Qd2 {0-1 (46) Tabatabaei,M (2509)-Van Wely,L (2675) Bandar e Anzali 2017}) 14. bxa3 Ba6 15. Ng4 Rb8 16. h5 {LiveBook: 4 Games} Nd4 17. Nxd4 cxd4 18. h6 {Black should prevent hxg7.} g6 $1 {[%cal Bg7g6,Bg6g5][%mdl 32]} 19. Bf4 Rc8 20. Qd2 $2 {[%mdl 8192]} (20. Ra2 $11) 20... g5 $19 21. Nf6+ (21. Re2 {might work better.}) 21... Bxf6 22. exf6 gxf4 23. Qxf4 {White threatens Qg5+ and mate.} Qxf6 24. Qd6 $146 (24. Qd2 $142) 24... Nc5 25. Rab1 Rfd8 26. Qb6 Qxh6 27. Qa5 Rd6 28. Rb6 Rxb6 29. Qxb6 Qf6 30. Rb1 Qd8 31. Qb4 e5 32. Qd2 Kg7 33. Rb4 h6 34. Qe2 Qf6 35. Qg4+ Qg6 36. Qe2 Re8 37. Bxd5 h5 38. Bg2 Bc8 39. Rb5 Nd7 40. Rd5 h4 {[#]} 41. gxh4 $2 (41. Rxd4 $1 {[%mdl 512]} Nf6 (41... exd4 42. Qxe8) 42. Rxh4) 41... Bb7 42. h5 Qg5 43. h6+ Kxh6 44. f4 exf4 45. Qxe8 Bxd5 {[%csl Gd5][%cal Rg5g2]} 46. Qh8+ Kg6 {[%csl Gd5][%cal Rg5g2]} 47. Qg8+ {[#]} Kf6 $2 (47... Kf5 $1 {mates} 48. Qxg5+ Kxg5 49. Bxd5 Ne5 50. Kf2 Kg4 51. Bc4 Nxc4 52. dxc4 Kf5 53. Ke2 Ke5 54. Kd3 f3 55. c5 Kd5 56. c6 Kxc6 57. Kd2 Kd5 58. Kd1 Ke4 59. Kd2 f5 60. Ke1 Ke3 61. Kf1 f2 62. Kg2 Ke2 63. Kg3 f1=Q 64. Kh4 Qg2 65. Kh5 Qg7 66. c4 dxc3 67. Kh4 Qg4#) 48. Qxg5+ $4 {[%mdl 8192]} (48. Qd8+ $11 Kg6 49. Qxg5+ Kxg5 50. Bxd5) 48... Kxg5 {Black mates.} 49. Bxd5 $11 {[%mdl 4096] Endgame KB-KN} Ne5 50. Kf2 Kg4 51. Bb7 f3 {[%cal Bf4f3,Bf3f2][%mdl 32]} 52. Bc8+ Kf4 53. Bb7 Ng4+ 54. Kf1 Ke3 55. Bc8 Nh2+ 56. Kg1 f2+ {Accuracy: White = 19%, Black = 69%.} 0-1

[Event "European Blitz-ch 2018"]
[Site "Skopje"]
[Date "2018.12.07"]
[Round "12"]
[White "Pezelj, Novak"]
[Black "Dvirnyy, Danyyil"]
[Result "0-1"]
[WhiteElo "2475"]
[BlackElo "2485"]
[PlyCount "96"]
[EventDate "2018.12.06"]
[EventType "swiss"]
[EventCountry "MKD"]
[TimeControl "180+2"]

1. e4 {[%emt 0:00:00]} c5 {[%emt 0:00:00]} 2. Nf3 {[%emt 0:00:01]} d6 {[%emt 0:00:01]} 3. c3 {[%emt 0:00:01]} Nf6 {[%emt 0:00:02]} 4. Bd3 {[%emt 0:00:03]} g6 {[%emt 0:00:10]} 5. Bc2 {[%emt 0:00:06]} Bg7 {[%emt 0:00:02]} 6. d4 {[%emt 0:00:04]} O-O {[%emt 0:00:05]} 7. O-O {[%emt 0:00:09]} Bg4 {[%emt 0:00:02]} 8. dxc5 {[%emt 0:00:27]} dxc5 {[%emt 0:00:02]} 9. Qe2 {[%emt 0:00:01]} Nc6 {[%emt 0:00:02]} 10. h3 {[%emt 0:00:02]} Be6 {[%emt 0:00:17]} 11. Na3 {[%emt 0:00:33]} Qc7 {[%emt 0:00:10]} 12. Bb3 {[%emt 0:00:05]} Bxb3 {[%emt 0:00:15]} 13. axb3 {[%emt 0:00:02]} Nd7 {[%emt 0:00:02]} 14. Bg5 {[%emt 0:00:10]} a6 {[%emt 0:00:04]} 15. Nc4 {[%emt 0:00:05]} b5 {[%emt 0:00:02]} 16. Ne3 {[%emt 0:00:01]} e6 {[%emt 0:00:18]} 17. Bh4 {[%emt 0:00:11]} Nce5 {[%emt 0:00:23]} 18. Rfd1 {[%emt 0:00:15]} Nxf3+ {[%emt 0:00:13]} 19. Qxf3 {[%emt 0:00:01]} Ne5 {[%emt 0:00:01]} 20. Qe2 {[%emt 0:00:01]} Nc6 {[%emt 0:00:05]} 21. Ng4 {[%emt 0:00:06]} b4 {[%emt 0:00:58]} 22. Nf6+ {[%emt 0:00:21]} Kh8 {[%emt 0:00:01]} 23. Nd7 {[%emt 0:00:21]} Rfe8 {[%emt 0:00:02]} 24. Nxc5 {[%emt 0:00:03]} bxc3 {[%emt 0:00:01]} 25. bxc3 {[%emt 0:00:05]} Bxc3 {[%emt 0:00:03]} 26. Rac1 {[%emt 0:00:17]} Bg7 {[%emt 0:00:10]} 27. Nxa6 {[%emt 0:00:05]} Qb6 {[%emt 0:00:01]} 28. Nc5 {[%emt 0:00:01]} Nd4 {[%emt 0:00:01]} 29. Qc4 {[%emt 0:00:01]} e5 {[%emt 0:00:10]} 30. Qxf7 {[%emt 0:00:06]} Ne2+ {[%emt 0:00:01]} 31. Kh1 {[%emt 0:00:03]} Nxc1 {[%emt 0:00:02]} 32. Rxc1 {[%emt 0:00:01]} Rac8 {[%emt 0:00:03]} 33. b4 {[%emt 0:00:02]} Qxb4 {[%emt 0:00:05]} 34. Bf6 {[%emt 0:00:01]} Bxf6 {[%emt 0:00:06]} 35. Qxf6+ {[%emt 0:00:01]} Kg8 {[%emt 0:00:01]} 36. Qd6 {[%emt 0:00:02]} Qd4 {[%emt 0:00:06]} 37. Qb6 {[%emt 0:00:09]} Re7 {[%emt 0:00:03]} 38. Qb3+ {[%emt 0:00:03]} Kh8 {[%emt 0:00:01]} 39. Nd3 {[%emt 0:00:01]} Rxc1+ 40. Nxc1 {[%emt 0:00:01]} Qxf2 {[%emt 0:00:02]} 41. Qb8+ {[%emt 0:00:01]} Kg7 {[%emt 0:00:01]} 42. Qc8 {[%emt 0:00:02]} Qf1+ {[%emt 0:00:03]} 43. Kh2 {[%emt 0:00:01]} Qf4+ {[%emt 0:00:01]} 44. Kh1 {[%emt 0:00:00]} Rf7 {[%emt 0:00:01]} 45. Qc5 {[%emt 0:00:04]} Qxe4 {[%emt 0:00:02]} 46. Qg1 {[%emt 0:00:11]} Qc4 {[%emt 0:00:02]} 47. Qe3 {[%emt 0:00:03]} Rf1+ {[%emt 0:00:01]} 48. Kh2 {[%emt 0:00:01]} Qf4+ {[%emt 0:00:01]} 0-1

[Event "European Blitz-ch 2018"]
[Site "Skopje"]
[Date "2018.12.07"]
[Round "12"]
[White "Kalezic, Blazo"]
[Black "Jovic, Stanoje"]
[Result "0-1"]
[WhiteElo "2460"]
[BlackElo "2240"]
[PlyCount "115"]
[EventDate "2018.12.06"]
[EventType "swiss"]
[EventCountry "MKD"]
[TimeControl "180+2"]

1. e4 {[%emt 0:00:01]} c6 {[%emt 0:00:00]} 2. d3 {[%emt 0:00:01]} d5 {[%emt 0:00:01]} 3. Nd2 {[%emt 0:00:01]} g6 {[%emt 0:00:02]} 4. g3 {[%emt 0:00:02]} Bg7 {[%emt 0:00:03]} 5. Bg2 {[%emt 0:00:01]} Nf6 {[%emt 0:00:01]} 6. Ngf3 {[%emt 0:00:09]} Bg4 {[%emt 0:00:03]} 7. h3 {[%emt 0:00:07]} Bxf3 {[%emt 0:00:01]} 8. Qxf3 {[%emt 0:00:01]} O-O {[%emt 0:00:02]} 9. O-O {[%emt 0:00:03]} a5 {[%emt 0:00:01]} 10. Qe2 {[%emt 0:00:09]} e5 {[%emt 0:00:08]} 11. exd5 {[%emt 0:00:09]} Nxd5 {[%emt 0:00:09]} 12. a3 {[%emt 0:00:10]} Nd7 {[%emt 0:00:19]} 13. a4 {[%emt 0:00:15]} Nc5 {[%emt 0:00:08]} 14. Nc4 {[%emt 0:00:07]} Nb4 {[%emt 0:00:09]} 15. Be3 {[%emt 0:00:10]} Ne6 {[%emt 0:00:04]} 16. Rac1 {[%emt 0:00:26]} Nd4 {[%emt 0:00:09]} 17. Qd1 {[%emt 0:00:04]} Nd5 {[%emt 0:00:08]} 18. c3 {[%emt 0:00:09]} Nxe3 {[%emt 0:00:08]} 19. Nxe3 {[%emt 0:00:10]} Ne6 {[%emt 0:00:03]} 20. Qc2 {[%emt 0:00:04]} Qc7 {[%emt 0:00:06]} 21. Rcd1 {[%emt 0:00:05]} Rad8 {[%emt 0:00:02]} 22. Rd2 {[%emt 0:00:08]} f5 {[%emt 0:00:02]} 23. Re1 {[%emt 0:00:17]} f4 {[%emt 0:00:06]} 24. Qb3 {[%emt 0:00:13]} Qf7 {[%emt 0:00:39]} 25. Ng4 {[%emt 0:00:09]} f3 {[%emt 0:00:17]} 26. Bxf3 {[%emt 0:00:05]} Qxf3 {[%emt 0:00:36]} 27. Qxe6+ {[%emt 0:00:01]} Kh8 {[%emt 0:00:00]} 28. Nxe5 {[%emt 0:00:04]} Bxe5 {[%emt 0:00:05]} 29. Qxe5+ {[%emt 0:00:01]} Kg8 {[%emt 0:00:01]} 30. Re3 {[%emt 0:00:03]} Qf7 {[%emt 0:00:05]} 31. Qe6 {[%emt 0:00:02]} Qxe6 {[%emt 0:00:06]} 32. Rxe6 {[%emt 0:00:37]} Kf7 33. Re3 {[%emt 0:00:00]} Rfe8 {[%emt 0:00:07]} 34. Rde2 {[%emt 0:00:00]} Rxe3 {[%emt 0:00:02]} 35. Rxe3 {[%emt 0:00:00]} Kf6 {[%emt 0:00:02]} 36. Kf1 {[%emt 0:00:00]} b5 {[%emt 0:00:02]} 37. axb5 {[%emt 0:00:10]} cxb5 38. Ke2 {[%emt 0:00:00]} Rb8 {[%emt 0:00:03]} 39. d4 {[%emt 0:00:00]} b4 {[%emt 0:00:01]} 40. Re5 {[%emt 0:00:00]} a4 {[%emt 0:00:02]} 41. c4 {[%emt 0:00:00]} a3 {[%emt 0:00:02]} 42. Kd2 {[%emt 0:00:00]} b3 {[%emt 0:00:03]} 43. Kc3 {[%emt 0:00:01]} a2 {[%emt 0:00:04]} 44. Ra5 {[%emt 0:00:01]} h5 {[%emt 0:00:04]} 45. f4 {[%emt 0:00:02]} Ke6 {[%emt 0:00:03]} 46. Ra6+ {[%emt 0:00:01]} Kd7 {[%emt 0:00:01]} 47. c5 {[%emt 0:00:02]} Kc7 {[%emt 0:00:01]} 48. d5 {[%emt 0:00:04]} Kb7 {[%emt 0:00:01]} 49. Ra3 {[%emt 0:00:03]} Kc7 {[%emt 0:00:03]} 50. Kc4 {[%emt 0:00:02]} h4 51. gxh4 {[%emt 0:00:05]} Kd7 {[%emt 0:00:06]} 52. Ra7+ {[%emt 0:00:02]} Ke8 {[%emt 0:00:02]} 53. c6 {[%emt 0:00:01]} Rd8 {[%emt 0:00:05]} 54. Kxb3 {[%emt 0:00:04]} Rxd5 {[%emt 0:00:01]} 55. Kxa2 {[%emt 0:00:01]} Rc5 {[%emt 0:00:02]} 56. Ra6 {[%emt 0:00:02]} Rc4 {[%emt 0:00:01]} 57. b3 {[%emt 0:00:02]} Rxf4 {[%emt 0:00:01]} 58. Ra8+ {[%emt 0:00:01]} 0-1